000 00862aam a2200301 i 4500
001 14864
003 CO-MdBIC
005 20210904101236.0
008 210904s2002 ck abm|| |||| 00| 0 eng d
020 _a33-3940-7
040 _bspa.
_aCO-MdFUSB
_cCO-MdFUSB
_dCO-MdFUSBC
_erda
041 _aspa
082 0 4 _aR 718 F9812r
110 1 _aFundación Cementerio San Pedro
245 1 0 _aCementerio de San Pedro : el rito de la Memoria 160 años
_c/
260 _aMedellin : IDEA
264 1 _aMedellín, Colombia :
_bInstituto para el Desarrollo de Antioquia,
_c[2002]
264 4 _c© 2002
300 _a144 Pág.
_c;
336 _2rdacontent
_atexto
_btxt
337 _2rdamedia
_asin mediación
_bn
338 _2rdacarrier
_avideodisco
_bnc
653 _aEl rito
653 _ade la memoria
710 1 _aIDEA
942 _cBK
945 _aEstudiante
999 _c43683
_d43683